Country and Capital Neighbour Connect with Jumps and Disappearing World Map: Easternmost - Statistics

General Stats
  • This quiz has been taken 941 times
  • The average score is 263 of 392
Answers on the Map
Answers color-coded by a green-red scale on the quiz's map according to % correct below.
 
Answer Stats
Hint Hint Country/Capital % Correct
802.8 307.7 Apia
100%
802.8 307.7 Samoa
96%
798.1 328.7 Tonga
95%
798.1 328.7 Nukuʻalofa
94%
804.5 282.8 Tuvalu
89%
782.9 320.1 Fiji
88%
804.5 282.8 Funafuti
88%
776.7 391.9 New Zealand
88%
782.9 320.1 Suva
88%
776.7 391.9 Wellington
88%
683 342 Australia
87%
683 342 Canberra
87%
717.7 235.2 Federated States of Micronesia
87%
21 272 Kiribati
87%
760.6 232.2 Marshall Islands
87%
756.2 263.4 Nauru
87%
703.7 282.4 Papua New Guinea
87%
703.7 282.4 Port Moresby
87%
742.1 295 Solomon Islands
87%
755.5 318.6 Vanuatu
87%
533 100 Astana
86%
638.6 246.1 Bandar Seri Begawan
86%
608 207.9 Bangkok
86%
583 181.8 Bangladesh
86%
615 140.9 Beijing
86%
584.1 169.4 Bhutan
86%
548 122 Bishkek
86%
638.6 246.1 Brunei
86%
616 219.1 Cambodia
86%
615 140.9 China
86%
583 181.8 Dhaka
86%
664.3 290.8 Dili
86%
664.3 290.8 East Timor
86%
624.3 219.9 Hanoi
86%
742.1 295 Honiara
86%
556 185.9 India
86%
635.5 264 Indonesia
86%
535.7 164.2 Islamabad
86%
635.5 264 Jakarta
86%
528 149.2 Kabul
86%
610.3 247.2 Kuala Lumpur
86%
548 122 Kyrgyzstan
86%
610.3 194.9 Laos
86%
610.3 247.2 Malaysia
86%
614.2 104.1 Mongolia
86%
597 188.5 Myanmar
86%
556 185.9 New Delhi
86%
665.7 127 North Korea
86%
717.7 235.2 Palikir
86%
616 219.1 Phnom Penh
86%
755.5 318.6 Port Vila
86%
665.7 127 Pyongyang
86%
577 52 Russia
86%
669 139 Seoul
86%
669 139 South Korea
86%
21 272 South Tarawa
86%
545.2 133.5 Tajikistan
86%
525 122.5 Tashkent
86%
608 207.9 Thailand
86%
584.1 169.4 Thimphu
86%
614.2 104.1 Ulaanbaatar
86%
610.3 194.9 Vientiane
86%
624.3 219.9 Vietnam
86%
756.2 263.4 Yaren
86%
693.3 140 Japan
85%
760.6 232.2 Majuro
85%
657 220.6 Manila
85%
597 188.5 Naypyidaw
85%
680.5 241.3 Palau
85%
657 220.6 Philippines
85%
693.3 140 Tokyo
85%
652.9 182.1 Taipei
84%
652.9 182.1 Taiwan
84%
528 149.2 Afghanistan
83%
480.5 125 Armenia
83%
513 130.6 Ashgabat
83%
487.6 125 Azerbaijan
83%
487.6 125 Baku
83%
545.2 133.5 Dushanbe
83%
479 120 Georgia
83%
501.3 152.5 Iran
83%
533 100 Kazakhstan
83%
450.6 96 Kiev
83%
545.9 248.9 Maldives
83%
545.9 248.9 Malé
83%
577 52 Moscow
83%
680.5 241.3 Ngerulmud
83%
535.7 164.2 Pakistan
83%
562 235.3 Sri Lanka
83%
479 120 Tbilisi
83%
501.3 152.5 Tehran
83%
513 130.6 Turkmenistan
83%
450.6 96 Ukraine
83%
525 122.5 Uzbekistan
83%
480.5 125 Yerevan
83%
502 182.5 Abu Dhabi
82%
478.8 149.9 Baghdad
82%
436.7 107.1 Bucharest
82%
437.8 117.9 Bulgaria
82%
444.4 102 Chișinău
82%
569.8 166.5 Kathmandu
82%
487 162.9 Kuwait
82%
487 162.9 Kuwait City
82%
444.4 102 Moldova
82%
509.33 187.2 Muscat
82%
569.8 166.5 Nepal
82%
509.33 187.2 Oman
82%
482.1 179.9 Riyadh
82%
562 235.3 Sri Jayawardenepura Kotte
82%
460.3 130.6 Turkey
82%
495.7 176.2 Doha
81%
510.1 329.1 Mauritius
81%
495.7 176.2 Qatar
81%
482.1 179.9 Saudi Arabia
81%
505.5 277 Seychelles
81%
614.2 256.7 Singapore
81%
614.2 256.7 Singapore (cap)
81%
502 182.5 United Arab Emirates
81%
505.5 277 Victoria
81%
476.4 221.6 Djibouti
80%
476.4 221.6 Djibouti (cap)
80%
488 230 Mogadishu
80%
510.1 329.1 Port Louis
80%
488.3 208.2 Sana'a
80%
488 230 Somalia
80%
488.3 208.2 Yemen
80%
470 234.2 Addis Ababa
79%
486 324.3 Antananarivo
79%
466.3 209.2 Asmara
79%
494.3 174 Bahrain
79%
459.1 282.5 Dodoma
79%
466.3 209.2 Eritrea
79%
470 234.2 Ethiopia
79%
465.8 259.9 Kenya
79%
486 324.3 Madagascar
79%
456 307 Malawi
79%
494.3 174 Manama
79%
467 309.5 Mozambique
79%
465.8 259.9 Nairobi
79%
459.1 282.5 Tanzania
79%
447 325 Harare
78%
456 307 Lilongwe
78%
438 310 Lusaka
78%
467 309.5 Maputo
78%
451.3 350.1 Mbabane
78%
431 365 Pretoria
78%
451.3 350.1 Swaziland
78%
438 310 Zambia
78%
447 325 Zimbabwe
78%
462.3 158.9 Amman
77%
461.7 146.8 Beirut
77%
447 171.3 Cairo
77%
467 143 Damascus
77%
435 336.1 Gaborone
77%
478.8 149.9 Iraq
77%
459 157 Israel
77%
459 157 Jerusalem
77%
462.3 158.9 Jordan
77%
461.7 146.8 Lebanon
77%
444 360.5 Lesotho
77%
444 360.5 Maseru
77%
431 365 South Africa
77%
467 143 Syria
77%
420 301.2 Angola
76%
427.6 239 Bangui
76%
435 336.1 Botswana
76%
416.9 260.5 Brazzaville
76%
447.8 272.6 Burundi
76%
427.6 239 Central African Republic
76%
422.6 209.4 Chad
76%
479.4 301.4 Comoros
76%
433 267.2 Democratic Republic of the Congo
76%
447 171.3 Egypt
76%
449.6 239.5 Juba
76%
453.1 256.6 Kampala
76%
448.5 209.5 Khartoum
76%
447.8 267.7 Kigali
76%
433 267.2 Kinshasa
76%
419.3 172.9 Libya
76%
420 301.2 Luanda
76%
479.4 301.4 Moroni
76%
418 328 Namibia
76%
416.9 260.5 Republic of the Congo
76%
447.8 267.7 Rwanda
76%
449.6 239.5 South Sudan
76%
448.5 209.5 Sudan
76%
453.1 256.6 Uganda
76%
418 328 Windhoek
76%
447.8 272.6 Bujumbura
75%
407 247 Cameroon
75%
422.6 209.4 N'Djamena
75%
419.3 172.9 Tripoli
75%
384.2 167.2 Algiers
74%
406.5 264 Gabon
74%
403.3 203.9 Niger
74%
398 230.8 Nigeria
74%
401 148 Tunis
74%
401 148 Tunisia
74%
407 247 Yaoundé
74%
430 129 Athens
73%
443.4 81.2 Belarus
73%
427.6 113 Belgrade
73%
404 255.8 Equatorial Guinea
73%
424.4 103.1 Hungary
73%
427.5 118.5 Kosovo
73%
406.5 264 Libreville
73%
429.5 121.7 Macedonia
73%
443.4 81.2 Minsk
73%
427.5 118.5 Pristina
73%
427.6 113 Serbia
73%
429.5 121.7 Skopje
73%
423 98 Slovakia
73%
423.6 87.1 Warsaw
73%
425.5 124 Albania
72%
460.3 130.6 Ankara
72%
423 98 Bratislava
72%
424.4 103.1 Budapest
72%
418 108 Croatia
72%
455.3 143.7 Cyprus
72%
439 64.8 Estonia
72%
430 129 Greece
72%
438 70.6 Latvia
72%
434.3 76.3 Lithuania
72%
404 255.8 Malabo
72%
423.7 117.8 Montenegro
72%
455.3 143.7 Nicosia
72%
423.6 87.1 Poland
72%
438 70.6 Riga
72%
436.7 107.1 Romania
72%
437.8 117.9 Sofia
72%
439 64.8 Tallinn
72%
425.5 124 Tirana
72%
434.3 76.3 Vilnius
72%
421 113 Bosnia and Herzegovina
71%
423.7 117.8 Podgorica
71%
421 113 Sarajevo
71%
413 106.5 Slovenia
71%
414.2 100.9 Vienna
71%
418 108 Zagreb
71%
414.2 100.9 Austria
70%
414 93.8 Czech Republic
70%
413 106.5 Ljubljana
70%
414 93.8 Prague
70%
416.4 124.2 Rome
69%
408.5 113.9 San Marino
69%
408.5 113.9 San Marino (cap)
69%
416.4 124.2 Italy
68%
408.5 120.7 Vatican City (cap)
68%
408.5 120.7 Vatican City
67%
437 52 Finland
66%
437 52 Helsinki
66%
401.7 57 Norway
66%
401.7 57 Oslo
66%
404 89.9 Berlin
65%
401.5 73.5 Copenhagen
65%
401.5 73.5 Denmark
65%
404 89.9 Germany
65%
412.9 141.1 Malta
65%
414.3 60.5 Stockholm
65%
414.3 60.5 Sweden
65%
412.9 141.1 Valletta
65%
398.4 103.5 Bern
64%
386 105 France
64%
402 103.1 Liechtenstein
64%
398.4 103.5 Switzerland
64%
402 103.1 Vaduz
64%
397.2 114.5 Monaco
63%
397.2 114.5 Monaco (cap)
63%
386 105 Paris
62%
398 230.8 Abuja
61%
393 86.9 Amsterdam
61%
391 91 Belgium
61%
385.7 225 Benin
61%
391 91 Brussels
61%
394.3 94.2 Luxembourg
61%
394.3 94.2 Luxembourg (cap)
61%
393 86.9 Netherlands
61%
403.3 203.9 Niamey
61%
385.7 225 Porto-Novo
61%
378.2 234.5 Accra
59%
384.2 167.2 Algeria
59%
377 219 Burkina Faso
59%
378.2 234.5 Ghana
59%
383 232.4 Lomé
59%
377 202.2 Mali
59%
377 219 Ouagadougou
59%
383 232.4 Togo
59%
368 235.9 Yamoussoukro
59%
377 202.2 Bamako
58%
368 235.9 Cote d'Ivoire
58%
354 195.5 Mauritania
57%
366 153.5 Morocco
57%
372 127.5 Spain
57%
384 118.7 Andorra
56%
384 118.7 Andorra la Vella
56%
353.3 224.2 Conakry
55%
363 82.5 Dublin
55%
354 232.9 Freetown
55%
363 82.5 Ireland
55%
359.2 239.6 Liberia
55%
377 86 London
55%
372 127.5 Madrid
55%
359.2 239.6 Monrovia
55%
354 195.5 Nouakchott
55%
366 153.5 Rabat
55%
354 232.9 Sierra Leone
55%
377 86 United Kingdom
55%
347.7 220.3 Bissau
54%
353.3 224.2 Guinea
54%
347.7 220.3 Guinea-Bissau
54%
395.5 260.6 São Tomé
54%
395.5 260.6 São Tomé and Príncipe
54%
347 212 Senegal
54%
344 216 Banjul
53%
347 212 Dakar
53%
344 216 Gambia
53%
361.7 127.6 Portugal
53%
361.7 127.6 Lisbon
52%
341 43 Iceland
51%
326.7 206.9 Cape Verde
50%
341 43 Reykjavík
50%
326.7 206.9 Praia
49%
266 294 Brasília
48%
266 294 Brazil
48%
216.3 247.5 Bogotá
46%
232 235 Caracas
46%
216.3 247.5 Colombia
46%
248 242 Georgetown
46%
248 242 Guyana
46%
254.4 248.1 Paramaribo
46%
254.4 248.1 Suriname
46%
232 235 Venezuela
46%
248.9 339.7 Asunción
45%
236 319 Bolivia
45%
248.9 339.7 Paraguay
45%
208 292 Peru
45%
234 373 Buenos Aires
44%
254.9 370.2 Uruguay
44%
254.9 370.2 Montevideo
43%
234 373 Argentina
42%
236 319 La Paz
42%
218 384 Chile
41%
208 292 Lima
41%
218 384 Santiago
40%
204 265.5 Ecuador
39%
204 265.5 Quito
39%
246.5 217 Barbados
35%
246.5 217 Bridgetown
34%
243.2 214.6 Saint Lucia
32%
243.2 214.6 Castries
31%
242.7 216.8 Saint Vincent and the Grenadines
30%
242.4 209.5 Dominica
29%
242.5 226.6 Port-of-Spain
29%
242.5 226.6 Trinidad and Tobago
29%
241.6 220.6 Grenada
28%
242.7 216.8 Kingstown
28%
241.4 204 Antigua and Barbuda
27%
143 66 Ottawa
27%
242.4 209.5 Roseau
27%
241.6 220.6 Saint George's
27%
239.4 203.4 Saint Kitts and Nevis
27%
221 197 Santo Domingo
27%
239.4 203.4 Basseterre
26%
221 197 Dominican Republic
26%
218 196 Haiti
26%
218 196 Port-au-Prince
26%
241.4 204 Saint John's
26%
153 129 Washington D.C.
25%
143 66 Canada
24%
151 182 Mexico City
24%
153 129 United States
24%
180.9 203.6 Belize
23%
180.9 203.6 Belmopan
23%
192 228 Costa Rica
23%
188.2 218.1 Nicaragua
23%
198 232.5 Panama City
23%
177.4 210 Guatemala
22%
184.5 210.7 Honduras
22%
188.2 218.1 Managua
22%
198 232.5 Panama
22%
192 228 San José
22%
184.5 210.7 Tegucigalpa
21%
209 180.9 Bahamas
19%
180.4 215 El Salvador
19%
177.4 210 Guatemala City
19%
206 200.2 Jamaica
19%
206 200.2 Kingston
19%
151 182 Mexico
19%
180.4 215 San Salvador
19%
209 180.9 Nassau
18%
206 190.2 Cuba
17%
206 190.2 Havana
17%
No matching quizzes found
Score Distribution
Percent of People with Each Score
Percentile by Number Answered
Your Score History
You have not taken this quiz